|
|
|
|
| LEADER |
00000nam0a2200000 4500 |
| 001 |
346144 |
| 005 |
20231102005844.0 |
| 010 |
|
|
|a 9785699681501
|
| 035 |
|
|
|a (RuTPU)RU\TPU\book\378000
|
| 090 |
|
|
|a 346144
|
| 100 |
|
|
|a 20210604d2014 d y0rusy50 ca
|
| 101 |
1 |
|
|a rus
|c eng
|
| 102 |
|
|
|a RU
|
| 105 |
|
|
|a a z 000ay
|
| 200 |
1 |
|
|a Оливер Твист
|e пер. с англ.
|f Ч. Диккенс
|g худож. Э. Кинкейд; пер. Н. В. Виноградовой
|
| 210 |
|
|
|a Москва
|c Эксмо
|d 2014
|
| 215 |
|
|
|a 128 с.
|c ил.
|
| 606 |
1 |
|
|a Английская литература
|2 stltpush
|3 (RuTPU)RU\TPU\subj\29042
|9 52454
|
| 610 |
1 |
|
|a детская литература
|
| 610 |
1 |
|
|a Англия
|
| 610 |
1 |
|
|a 19 век
|
| 610 |
1 |
|
|a приключения
|
| 610 |
1 |
|
|a дети
|
| 610 |
1 |
|
|a адаптированные тексты
|
| 675 |
|
|
|a 82
|v 4
|
| 700 |
|
1 |
|a Диккенс
|b Ч.
|c английский писатель
|f 1812-1870
|g Чарльз
|2 stltpush
|3 (RuTPU)RU\TPU\pers\9041
|9 1731
|
| 702 |
|
1 |
|a Кинкейд
|b Э.
|g Эрик
|4 440
|
| 702 |
|
1 |
|a Виноградова
|b Н. В.
|4 730
|
| 801 |
|
1 |
|a RU
|b 63413507
|c 20210604
|
| 801 |
|
2 |
|a RU
|b 63413507
|c 20210705
|g RCR
|
| 942 |
|
|
|c BK
|